000
00322nam a2200157Ia 4500
008
100204s9999 xx 000 0 und d
082
_b
29119
100
_a
COBEN HARLAN
245
_a
HOLD TIGHT
250
_a
0
260
_c
2008
300
_a
433
630
_a
HOLD TIGHT
730
_a
HOLD TIGHT
942
_c
BOOK
999
_c
474356
_d
474353